Interkulturelle Kommunikation und Kompetenz am Beispiel eines ausgewählten multinationalen Unternehmen bakalárska práca

Salvato in:
Dettagli Bibliografici
Autore principale: Gutyánová, Hana
Ente Autore: Fakulta aplikovaných jazykov EU v Bratislave. Katedra interkultúrnej komunikácie
Altri autori: Helmová, Milena, 1954-
Natura: Libro
Lingua:tedesco
Pubblicazione: Bratislava 2024
Tags: Aggiungi Tag
Nessun Tag, puoi essere il primo ad aggiungerne!!

MARC

LEADER 00000nbm a2200000 4500
001 0303994
005 20250912101002.1
041 0 |a ger 
044 |a SK 
245 1 0 |a Interkulturelle Kommunikation und Kompetenz am Beispiel eines ausgewählten multinationalen Unternehmen  |b bakalárska práca  |c Hana Gutyánová ; školiteľ: Milena Helmová 
264 1 |a Bratislava  |c 2024 
300 |a 40 s. 
100 1 |a Gutyánová, Hana 
700 1 |a Helmová, Milena, 1954- 
710 2 |a Fakulta aplikovaných jazykov EU v Bratislave. Katedra interkultúrnej komunikácie